Gaming Quiz

Random Gaming Quiz

How to Catch Theme Hospital Diseases Quiz Stats

 Plays Quiz not verified by Sporcle

Also try: Cards or Dice?
Challenge
Share
Tweet
Embed
Score 0/25 Timer 08:00
0 Plays Today
% Correct
The spirit of the King entering the patient's mind and taking over
84.5%
Exposure to poison gas inside golf-balls
82.6%
Falling off high things onto concrete
78.7%
Face huggers equipped with intelligent alien blood
77.8%
Overactive sleep gland in the roof of the mouth
72.9%
Being bitten by a radioactive (and invisible) ant
72%
Fear of job interviews
70.5%
Classic situation comedy
69.1%
Wistful longing for the 1970's
67.1%
Daytime television
64.3%
Mistaking plutonium isotopes for chewing gum
61.8%
Anything unexpected
58.9%
Someone richer, younger and thinner than the patient
58.5%
% Correct
Small particles of snot in the air
57.5%
Eating pizza found under the cooker
57.5%
Prolonged exposure to the moon
54.6%
Driving over traffic calming measures in road
47.8%
Patient usually subject of practical joke
46.9%
Sniffing disdainfully at those worse off than the patient
46.4%
Chronic overdiscussion of soap operas
43.5%
Using a gymnasium treadmill after a meal
43%
Sniffing cheese and drinking unpurified rainwater
38.6%
Crunching up ice cubes in drinks
35.3%
Telling lies and making up stories to be popular
34.8%
Licking the yogurt from the foil tops of opened pots
30.9%

You're not logged in!

Compare scores with friends on all Sporcle quizzes.
Join for Free
OR
Log In

You Might Also Like...

Show Comments

Extras

Top Quizzes Today


Score Distribution

Your Account Isn't Verified!

In order to create a playlist on Sporcle, you need to verify the email address you used during registration. Go to your Sporcle Settings to finish the process.

Report this User

Report this user for behavior that violates our Community Guidelines.

Details: